Fundamentos de química analítica
Salvato in:
| Autori principali: | , |
|---|---|
| Natura: | Libro |
| Lingua: | spagnolo |
| Pubblicazione: |
Barcelona
Reverté
1979
|
| Edizione: | 3a. ed |
| Soggetti: | |
| Tags: |
Aggiungi Tag
Nessun Tag, puoi essere il primo ad aggiungerne!!
|
MARC
| LEADER | 00000nam a2200000 a 4500 | ||
|---|---|---|---|
| 001 | UCU4084 | ||
| 003 | CL-VaPUC | ||
| 008 | 960517e19790000SP |||||||||||||||||spa|d | ||
| 082 | 0 | 4 | |a 543 |b SKO |2 21 |
| 100 | 0 | |a Skoog, Douglas A |e author |9 361499 | |
| 700 | 0 | |a West, Donald N |e author |9 361500 | |
| 245 | 1 | 0 | |a Fundamentos de química analítica |
| 250 | |a 3a. ed | ||
| 300 | |a 2 v | ||
| 942 | |c BK | ||
| 945 | |d 19960517 00:00:00 |a paguirre | ||
| 260 | |a Barcelona |b Reverté |c 1979 | ||
| 650 | 0 | |a Química analítica |9 259648 | |
| 650 | 0 | |a Análisis gravimétrico |9 345155 | |
| 650 | 0 | |a Análisis volumétrico |9 345156 | |
| 650 | 7 | |a ELECTROANALISIS |2 CL-VaPUC |9 339675 | |
| 650 | 0 | |a Polarografía |v Análisis |9 345157 | |
| 650 | 0 | |a Análisis |9 259550 | |
| 583 | |a last modification |c 19960517 00:00:00 |k Rodrigo Vera | ||
| 999 | |c 247909 |d 247907 | ||
| 952 | |0 0 |1 0 |4 0 |6 543_000000000000000_SKO_1979 |7 0 |8 A |9 264136 |a BIBCUR |b BIBCUR |d 2019-11-19 |h v.1 |i 3127958 |o 543 SKO 1979 |p 3127958 |r 2025-04-22 |w 2019-11-19 |y BK |k BCB | ||